|
|
|
|
| LEADER |
01077nam a2200277 a 4500 |
| 001 |
12662621 |
| 008 |
120515s2001 nyua b 001 0 eng d |
| 010 |
|
|
|a 00193572
|
| 020 |
|
|
|a 0970002718
|
| 040 |
|
|
|a AAB
|c AAB
|d YAM
|d DLC
|d BD-DhAAL
|
| 042 |
|
|
|a lccopycat
|
| 050 |
0 |
0 |
|a RA644.W47
|b D47 2001
|
| 082 |
0 |
0 |
|a 616.9/25
|2 21
|
| 100 |
1 |
|
|a Despommier, Dickson D.
|
| 245 |
1 |
0 |
|a West Nile story /
|c Dickson Despommier ; illustrated by Robert J. Demarest.
|
| 246 |
1 |
|
|i Subtitle on cover:
|a A new virus in the New World
|
| 260 |
|
|
|a New York, NY :
|b Apple Trees Productions,
|c c2001.
|
| 300 |
|
|
|a x, 134 p. :
|b ill. ;
|c 21 cm.
|
| 504 |
|
|
|a Includes bibliographical references (p. 106-113) and index.
|
| 541 |
|
|
|e 00025214
|
| 650 |
|
0 |
|a West Nile fever
|x Microbiology.
|
| 650 |
|
0 |
|a Virus diseases
|x Prevention.
|
| 650 |
|
0 |
|a Mosquitoes as carriers of disease.
|
| 852 |
1 |
|
|a Ayesha Abed Library
|c General shelf.
|
| 999 |
|
|
|c 12170
|d 12170
|
| 952 |
|
|
|0 0
|1 0
|2 ddc
|4 0
|6 616_925000000000000_DES
|7 0
|9 20209
|a JPGSPH
|b JPGSPH
|c GEN
|d 2012-05-19
|l 0
|o 616.925 DES
|p 3060025214
|r 2012-05-19
|t 1
|w 2012-05-19
|y BK
|